[Event "PAR-ch U18"]
[Site "Asuncion"]
[Date "2018.03.11"]
[Round "6.7"]
[White "Amarilla Jara, Llyan"]
[Black "Nunez, Pablo"]
[Result "0-1"]
[WhiteElo "1170"]
[BlackElo "1236"]
[PlyCount "54"]
[EventDate "2018.03.09"]
[EventType "swiss"]
[EventRounds "7"]
[EventCountry "PAR"]
[SourceTitle "EXT 2023"]
[Source "ChessBase"]
[SourceDate "2022.10.05"]
[SourceVersion "1"]
[SourceVersionDate "2022.10.05"]
[SourceQuality "1"]

1. d4 Nf6 2. c4 g6 3. Nc3 Bg7 4. e4 d6 5. f3 Nbd7 6. Be3 0-0 7. Qd2 e5 8. d5 Nh5 9. g4 Nhf6 10. Nge2 Nb6 11. Ng3 c6 12. h4 cxd5 13. cxd5 Bd7 14. h5 Rc8 15. Bh6 Qe7 16. Bxg7 Kxg7 17. hxg6 fxg6 18. Qh6+ Kg8 19. Bb5 Qg7 20. Qxg7+ Kxg7 21. Bxd7 Nbxd7 22. Nb5 Ne8 23. Nxa7 Rc2 24. Rf1 Rxb2 25. Ne2 Nc7 26. Rc1 Nc5 27. Ra1 Ra8 0-1

[Event "PAR-ch U20"]
[Site "Asuncion"]
[Date "2018.03.03"]
[Round "4.6"]
[White "Amarilla Jara, Llyan"]
[Black "Lugo, Sabrina"]
[Result "1-0"]
[WhiteElo "1170"]
[BlackElo "1276"]
[PlyCount "35"]
[EventDate "2018.03.02"]
[EventType "swiss"]
[EventRounds "7"]
[EventCountry "PAR"]
[SourceTitle "EXT 2023"]
[Source "ChessBase"]
[SourceDate "2022.10.05"]
[SourceVersion "1"]
[SourceVersionDate "2022.10.05"]
[SourceQuality "1"]

1. d4 Nf6 2. c4 g6 3. Nc3 Bg7 4. e4 d6 5. f3 0-0 6. Be3 e5 7. d5 c6 8. Qd2 c5 9. g4 Kh8 10. Nge2 Qb6 11. Ng3 Nbd7 12. h4 Qd8 13. h5 Kg8 14. Bh6 Ne8 15. Bxg7 Kxg7 16. hxg6 Nef6 17. Qh6+ Kg8 18. Nf5 1-0

[Event "South America School-ch 33rd"]
[Site "Cochabamba"]
[Date "2017.12.05"]
[Round "2.3"]
[White "Amarilla Jara, Llyan"]
[Black "Bonvini, Alberto Tonhati"]
[Result "0-1"]
[WhiteElo "1170"]
[BlackElo "1948"]
[PlyCount "56"]
[EventDate "2017.12.05"]
[EventType "team-tourn"]
[EventRounds "9"]
[EventCountry "BOL"]
[SourceTitle "CBM 182 Extra"]
[Source "ChessBase"]
[SourceDate "2018.02.23"]
[SourceVersion "1"]
[SourceVersionDate "2018.02.23"]
[SourceQuality "1"]
[WhiteTeam "Paraguay"]
[BlackTeam "Brazil"]
[WhiteTeamCountry "PAR"]
[BlackTeamCountry "BRA"]

1. d4 e6 2. Bf4 Nf6 3. e3 d5 4. Bd3 b6 5. Nf3 Bb7 6. Nbd2 Nbd7 7. c3 Be7 8. Qe2 c5 9. Ne5 0-0 10. h4 Rc8 11. Rh3 Ne4 12. Qh5 Ndf6 13. Qe2 Nxd2 14. Qxd2 Ne4 15. Qe2 f6 16. Nf3 Bd6 17. Bxd6 Qxd6 18. Nd2 Nxd2 19. Kxd2 e5 20. Rg3 Rc7 21. Qh5 e4 22. Bc2 cxd4 23. exd4 Re7 24. Re1 Qf4+ 25. Kd1 Qxf2 26. Ree3 f5 27. Rgf3 Qg1+ 28. Kd2 Qxg2+ 0-1